The market for sociological ideas in early 1960s Ireland: Civil service Departments and the Limerick rural survey, 1961-64 (Record no. 91568)

000 -LEADER
fixed length control field 00496pab a2200169 454500
008 - FIXED-LENGTH DATA ELEMENTS--GENERAL INFORMATION
fixed length control field 180718b2011 xxu||||| |||| 00| 0 eng d
100 ## - MAIN ENTRY--PERSONAL NAME
Personal name Murray, Peter
245 ## - TITLE STATEMENT
Title The market for sociological ideas in early 1960s Ireland: Civil service Departments and the Limerick rural survey, 1961-64
260 ## - PUBLICATION, DISTRIBUTION, ETC.
Date of publication, distribution, etc. 2011
300 ## - PHYSICAL DESCRIPTION
Extent p.111-131.
650 ## - SUBJECT ADDED ENTRY--TOPICAL TERM
Topical term or geographic name entry element Civil service - Ireland
650 ## - SUBJECT ADDED ENTRY--TOPICAL TERM
Topical term or geographic name entry element Civil service
700 ## - ADDED ENTRY--PERSONAL NAME
Personal name Feenely, Maria
773 ## - HOST ITEM ENTRY
Main entry heading Administration
908 ## - PUT COMMAND PARAMETER (RLIN)
Put command parameter N
909 ## -
-- 91568
Holdings
Withdrawn status Lost status Damaged status Not for loan Permanent Location Current Location Date acquired Serial Enumeration / chronology Barcode Date last seen Price effective from Koha item type
        Indian Institute of Public Administration Indian Institute of Public Administration 2018-07-19 Volume no: 59, Issue no: 1 AR92028 2018-07-19 2018-07-19 Articles

Powered by Koha